| 000 | 00921cam a2200253Ma 4500 | ||
|---|---|---|---|
| 005 | 20150511091443.0 | ||
| 008 | 150511s2009 enk frb 001 0 eng d | ||
| 020 | _a9780230223684 | ||
| 035 | _a(OCoLC)701615255 | ||
| 040 |
_aCO-BoUCM _bspa _cJose A. Gerena _dJose A. Gerena |
||
| 041 | 0 | _aeng | |
| 100 | 1 |
_aCompston, Hugh _968756 |
|
| 245 | 1 | 0 |
_aPolicy networks and policy change _bputting policy network theory to the test _cHugh Compston |
| 260 |
_aBasingstoke (Hampshire, Inglaterra) _bPalgrave Macmillan _c2009 |
||
| 300 | _axiv, 278 páginas | ||
| 504 | _aIncluye referencias bibliográficas e índices | ||
| 650 | 7 |
_aCiencia política _926457 |
|
| 650 | 7 |
_aPolítica pública _922011 |
|
| 650 | 7 |
_aPlanificación política _921672 |
|
| 650 | 7 |
_aPolítica y gobierno _922032 |
|
| 690 |
_942754 _aCiencia política |
||
| 942 |
_2DEWEY _a6 _cLIBRO _e1 _h320.6 _mC737 |
||
| 999 |
_c299217 _d299217 |
||